000 00626nam a2200241Ia 4500
003 OSt
005 20221007075810.0
006 a|||||r|||| 00| 0
007 ta
008 221006b |||||||| |||| 00| 0 eng d
024 _a41,776
037 _cTextual
040 _aFLL
_cFLL
_beng
041 _2eng
_aeng
082 _aD854:Z2, P1
100 _aDivan S.
_9694245
245 0 _aEnvironmental law , reprint 2012
250 _a2nd
260 _aNew Delhi
_bOxford University Press India
_c2001
300 _axix,837p
_ccm.
942 _hD854:Z2, P1
_cTEXL
_2CC
999 _c1157418
_d1157418